000 01193nam a2200241Ia 4500
003 Ost
005 20260507075304.0
008 260507s9999||||xx |||||||||||||| ||und||
020 _a47750799579
040 _cfsecg
041 _aara
082 _a330
100 _aخصاونة، محمد قاسم
_eمؤلف
245 0 _aأساسيات الادارة المالية /
_c محمد قاسم خصاونة
260 _aعمان:
_bدار الفكر,
_c2011
300 _a260 صفحة؛
_bإيضاحات ؛
_c25 سم
520 _aمفهوم الادارة المالية ، القوائم المالية الرئيسية ، التحليل المالي ، القيمة الزمنية للنقود ، الموازنات الرأسمالية ، العوائد و الخواطر ، العائد و المخاطرة : نموذج تسعير الاصول الرأسمالية ، الأسهم ، الاوراق المالية ، هيكل رأس المال ، الأرباح الموزعةو المشتقات المالية .
653 _aالادارة
653 _aالإدارة المالية
653 _aالتحليل المالي
653 _aالمالية
942 _cكتاب
999 _c43807
_d43807